00561nam a22002057a 450000500170000001000110001702000100002803500110003803700160004904000120006508200160007710000150009324500690010826000480017727000140022530000250023950000500026465000220031465000190033620170124105959.0 a500345 c00.00 a500345 bCen Lib/Ret aDPLbEN a342.54bJAI aJain, H. M aRight to property under the Indian constitution /cby H. M. Jain aAllahabadbChaitanya Publishing Housec1968 bAllahabad axxiv,343p.c20cm(Hb) aIncludes bibliographic references and index  aRight of property aEminent domain